Score 0/24 Timer 02:00
0 Plays Today
Type Missing Word % Correct
MoviesLambs
93.8%
BooksLion
93.1%
MoviesSnakes
92.6%
BooksCat
91.5%
BooksMockingbird
91.3%
MoviesWolves
90.3%
MoviesCrocodile
86.2%
BooksPhoenix
81.4%
BandsDog
81.2%
BandsCrows
80.6%
MoviesBull
77.3%
BooksFlies
77.2%
Type Missing Word % Correct
BandsLeppard
77%
MoviesFish
72.8%
BooksHorse
68.5%
BandsÖyster
68.5%
MoviesCoyote
63.3%
BandsMouse
62.7%
MoviesDeer
55.9%
BandsSeagulls
55.4%
BandsBuffalo
26.3%
BooksRabbit
20.7%
BandsFoxes
18%
BooksLocust
16.7%

Today's Daily Dose

Remove Ads.
Support Sporcle.
Get the best of Sporcle when you Go Orange. This ad-free experience offers more features, more stats, and more fun while also helping to support Sporcle. Thank you for becoming a member.

You're not logged in!

Compare scores with friends on all Sporcle quizzes.
OR
Log In

Show Comments

Extras

Top Quizzes Today


Score Distribution

Your Account Isn't Verified!

In order to create a playlist on Sporcle, you need to verify the email address you used during registration. Go to your Sporcle Settings to finish the process.

Report this User

Report this user for behavior that violates our Community Guidelines.

Details: